000 00530nam a22001697a 4500
005 20251108164750.0
008 250721s1993 xx 000 0 ara d
082 1 4 _a615.89/محم
100 1 _aعبد الله، محمد محمود
245 1 0 _aخير الدواء في الثوم و البصل و العسل و الحبة السوداء /
264 1 _aالقاهره :
_bمكتبة زهران،
_c1993.
300 _a79ص
650 1 7 _aالطب الشعبي
650 1 7 _aالعسل
942 _2ddc
_cBK
999 _c13813
_d13813